000 02334nam2a2200265 4500
001 RU\NLR\BIBL_A\011574196
005 20250626093928.0
010 _a978-5-7831-1549-3
_bт. 1
_9100
021 _aRU
_b2017-92726
_96644
035 _a(RuMoRGB)009474509
035 _a(NLR Aleph) 011574196
090 _a10813410
_c10813410
100 _a20171225d2017 |||y0rusy50 ca
101 0 _arus
102 _aRU
105 _aa z 000zy
200 0 _aТ. 1
210 _d2017
_aБ. м.
215 _a305 с.
_cил., табл.
320 _aБиблиогр. в конце ст.
461 0 _1001RU\NLR\BIBL_A\011574193
_12001#$aПроблемы и тенденции развития инновационной экономики: международный опыт и российская практика$eматериалы VI Международной научно-практической конференции, 31 октября 2017 года$e[в 2 т.]$fМинистерство образования и науки Российской Федерации, Федеральное государственное бюджетное образовательное учреждение высшего образования "Уфимский государственный нефтяной технический университет"$g[редакционная коллегия: Т. Б. Лейберт (отв. редактор) и др.]$vТ. 1
_910813396
_cУфа
_d2017
_fМинистерство образования и науки Российской Федерации, Федеральное государственное бюджетное образовательное учреждение высшего образования "Уфимский государственный нефтяной технический университет"
_nИзд-во УГНТУ
_oматериалы VI Международной научно-практической конференции, 31 октября 2017 года : [в 2 т.]
_tПроблемы и тенденции развития инновационной экономики: международный опыт и российская практика
_y9785783115486
_vТ. 1
942 _cBOOK
980 _aNB